Campaign atlas to the Second World War : Europe and the Mediterranean /

Bibliographic Details
Corporate Author: United States Military Academy. Department of History
Format: Government Document Book
Language:English
Published: West Point, N.Y. : The Academy, 1980.
Subjects:

MARC

Tag First Indicator Second Indicator Subfields
LEADER 00000cam a2200000 a 4500
001 in00000085899
005 20151008064338.0
008 810114s1980 nyub f00000 eng d
035 |a (OCoLC)07061284 
035 |9 AAK4007AM 
040 |a FDA  |c FDA  |d GPO  |d TXA  |d UtOrBLW 
043 |a e------  |a mm----- 
049 |a TXAC  |c [1502556] 
074 |a 354-A 
086 0 |a D 109.11:C 15 
090 |a G1038  |b .U64 1980 
245 0 0 |a Campaign atlas to the Second World War :  |b Europe and the Mediterranean /  |c Department of History, United States Military Academy. 
255 |a Scales vary. 
264 1 |a West Point, N.Y. :  |b The Academy,  |c 1980. 
300 |a 1 military atlas (83 leaves of plates) :  |b 99 color maps ;  |c 26 x 38 cm. 
336 |a text  |b txt  |2 rdacontent 
337 |a unmediated  |b n  |2 rdamedia 
338 |a volume  |b nc  |2 rdacarrier 
650 0 |a Atlases. 
650 0 |a World War, 1939-1945  |x Campaigns  |z Western Front  |x Historical geography  |x Maps. 
650 0 |a World War, 1939-1945  |x Campaigns  |z Mediterranean Region  |x Historical geography  |x Maps. 
710 2 |a United States Military Academy.  |b Department of History. 
999 |a MARS 
999 f f |s 3a484430-1fdf-30e2-aa3d-3a14ba40d209  |i 7c3df9dc-201b-3570-9ca5-ec4cc9983b20  |t 0 
952 f f |p normal  |a Texas A&M University  |b College Station  |c Sterling C. Evans Library  |d Evans: Maps (2nd floor)  |t 0  |e G1038 .U64 1980  |f Oversize  |h Library of Congress classification  |i unmediated -- volume  |m A14806060152 
998 f f |a G1038 .U64 1980  |t 0  |l Evans: Maps (2nd floor)